Statistics for Countries that Beat France - JetPunk Edition

Click here to take the quiz!

General Stats

  • This quiz has been taken 701 times
    (581 since last reset)
  • The average score is 13 of 18

Answer Stats

RankCategoryCountries% Correct
3With the most earned badgeUnited States | United Kingdom
98%
2Most mentionned on the Discord server in EuropeUnited Kingdom
88%
6With the most taken Country QuizSpain | India | Japan | Russia | Italy
87%
3Most visited by JetPunkersUnited States | United Kingdom
83%
3With the most JetPunkersUnited States | United Kingdom
81%
2Most common JetPunk answerUnited States
75%
4With the city with the most JetPunkersUnited States | United Kingdom | Australia
75%
4With the most guessed world cityUnited States | United Kingdom | Japan
74%
4Origin of the oldest people mentionned in JetPunk quotesIsrael | United Kingdom | China
73%
2Most search results on JetPunkUnited States
73%
4With the most guessed flagUnited States | United Kingdom | Australia | Canada
73%
4With the most taken "Which city in ..." quizGermany | Italy | United Kingdom
72%
2Most guessed in Europe (COTW)Russia
72%
4With the most taken "Countries that beat" quizUnited States | China | Australia
71%
2Most guessed French speaking country (COTW)Canada
67%
2With the most taken "Countries bordering" quizRussia
63%
2With the country badge with the most quizzesChina
59%
7Non-English speaking with the highest ranked JetPunkerItaly | Serbia | Switzerland | Netherlands | Poland | Finland
58%

Score Distribution

Percentile by Number Answered

Percent of People with Each Score

Your Score History

You have not taken this quiz since the last reset